Normal view
MARC view
- Marchand, René,
Entry Personal Name
001 - CONTROL NUMBER
- control field: 119242
003 - CONTROL NUMBER IDENTIFIER
- control field: DLC
005 - DATE AND TIME OF LATEST TRANSACTION
- control field: 20241024104008.0
008 - FIXED-LENGTH DATA ELEMENTS
- fixed length control field: 880324n| azannaabn |a aad
010 ## - LIBRARY OF CONGRESS CONTROL NUMBER
- LC control number: n 88622364
035 ## - SYSTEM CONTROL NUMBER
- System control number: (OCoLC)oca02235667
040 ## - CATALOGING SOURCE
- Original cataloging agency: DLC
- Language of cataloging: eng
- Description conventions: rda
- Transcribing agency: DLC
- Modifying agency: OCoLC
- Modifying agency: DLC
046 ## - SPECIAL CODED DATES
- Birth date: 1888
100 1# - HEADING--PERSONAL NAME
- Personal name: Marchand, René,
- Dates associated with a name: 1888-
400 1# - SEE FROM TRACING--PERSONAL NAME
- Control subfield: nnea
- Personal name: Marchand, René,
- Dates associated with a name: b. 1888
670 ## - SOURCE DATA FOUND
- Source citation: nuc88-35903: His Le cinéma, c1983
- Information found: (hdg. on ViU rept.: Marchand, René, 1888- ; usage: René Marchand)



